Big Data for Qualitative Research (Record no. 18974)

MARC details
000 -LEADER
fixed length control field 00520nam a2200121Ia 4500
008 - FIXED-LENGTH DATA ELEMENTS--GENERAL INFORMATION
fixed length control field 220615s9999||||xx |||||||||||||| ||und||
100 ## - MAIN ENTRY--PERSONAL NAME
Personal name Mills, Kathy A.
245 #0 - TITLE STATEMENT
Title Big Data for Qualitative Research
546 ## - LANGUAGE NOTE
Language note English[eng]
650 ## - SUBJECT ADDED ENTRY--TOPICAL TERM
Topical term or geographic name entry element Big data||Big data analysis||Big data for qualitative research||Big data research||Kathy Mills||Qualitative research||Quantitative research||Research ethics||Research Methods
856 ## - ELECTRONIC LOCATION AND ACCESS
Uniform Resource Identifier <a href="https://library.oapen.org/bitstream/20.500.12657/53512/1/9780429508677.pdf">https://library.oapen.org/bitstream/20.500.12657/53512/1/9780429508677.pdf</a>
942 ## - ADDED ENTRY ELEMENTS (KOHA)
Koha item type E-Books
Holdings
Withdrawn status Lost status Damaged status Not for loan Home library Current library Date acquired Total Checkouts Date last seen Price effective from Koha item type
        Kerala University of Digital Sciences, Innovation and Technology Knowledge Centre Kerala University of Digital Sciences, Innovation and Technology Knowledge Centre 15/06/2022   15/06/2022 15/06/2022 E-Books